MARC details
| 000 -LEADER |
| fixed length control field |
01991cam a2200457 a 4500 |
| 001 - CONTROL NUMBER |
| control field |
14802916 |
| 003 - CONTROL NUMBER IDENTIFIER |
| control field |
EG-ScBUE |
| 005 - DATE AND TIME OF LATEST TRANSACTION |
| control field |
20210301102647.0 |
| 008 - FIXED-LENGTH DATA ELEMENTS--GENERAL INFORMATION |
| fixed length control field |
070410t2004 maub f b 000 d eng d |
| 020 ## - INTERNATIONAL STANDARD BOOK NUMBER |
| International Standard Book Number |
158510048X |
| 020 ## - INTERNATIONAL STANDARD BOOK NUMBER |
| International Standard Book Number |
9781585100484 |
| 040 ## - CATALOGING SOURCE |
| Original cataloging agency |
CUI |
| Language of cataloging |
eng |
| Description conventions |
rda |
| Transcribing agency |
CUI |
| Modifying agency |
OCLCQ |
| -- |
DLC |
| -- |
EG-ScBUE |
| 041 1# - LANGUAGE CODE |
| Language code of text/sound track or separate title |
eng |
| Language code of original and/or intermediate translations of text |
grc |
| 082 04 - DEWEY DECIMAL CLASSIFICATION NUMBER |
| Classification number |
822.914 |
| Item number |
EUR |
| Edition number |
22 |
| 100 0# - MAIN ENTRY--PERSONAL NAME |
| Personal name |
Euripides, |
| Relator term |
author. |
| 9 (RLIN) |
30745 |
| 245 10 - TITLE STATEMENT |
| Title |
Four plays : |
| Remainder of title |
translation with notes and introduction / |
| Statement of responsibility, etc |
Euripides ; Stephen Esposito, editor, Boston University. |
| 246 3# - VARYING FORM OF TITLE |
| Title proper/short title |
4 plays |
| 246 14 - VARYING FORM OF TITLE |
| Title proper/short title |
Euripides : |
| Remainder of title |
Medea, Hippolytus, Heracles, Bacchae |
| 264 #1 - PUBLICATION, DISTRIBUTION, ETC. (IMPRINT) |
| Place of publication, distribution, etc |
Newburyport, MA : |
| Name of publisher, distributor, etc |
Focus Publishing, |
| Date of publication, distribution, etc |
[2004] |
| 264 #4 - PUBLICATION, DISTRIBUTION, ETC. (IMPRINT) |
| Date of publication, distribution, etc |
c2004 |
| 300 ## - PHYSICAL DESCRIPTION |
| Extent |
viii, 304 pages : |
| Other physical details |
maps ; |
| Dimensions |
23 cm. |
| 336 ## - CONTENT TYPE |
| Source |
rdacontent |
| Content type term |
text |
| Content type code |
txt |
| 337 ## - MEDIA TYPE |
| Source |
rdamedia |
| Media type term |
unmediated |
| Media type code |
n |
| 338 ## - CARRIER TYPE |
| Source |
rdacarrier |
| Carrier type term |
volume |
| Carrier type code |
nc |
| 490 0# - SERIES STATEMENT |
| Series statement |
Focus classical library |
| 500 ## - GENERAL NOTE |
| General note |
"All four translations have been updated in one form or another for this corrected version of the 2002 edition ... The bibliography has also been updated"--P. viii. |
| 504 ## - BIBLIOGRAPHY, ETC. NOTE |
| Bibliography, etc |
Includes bibliographical references. |
| 505 0# - FORMATTED CONTENTS NOTE |
| Formatted contents note |
Medea / translation and notes by A.J. Podlecki -- Hippolytus / translation and notes by Michael R. Halleran -- Heracles / translation and notes by Michael R. Halleran -- Bacchae / translation and notes by Stephen Esposito. |
| 650 #7 - SUBJECT ADDED ENTRY--TOPICAL TERM |
| Topical term or geographic name as entry element |
Medea (Greek mythology) |
| Form subdivision |
Drama. |
| Source of heading or term |
BUEsh |
| 9 (RLIN) |
30747 |
| 650 #7 - SUBJECT ADDED ENTRY--TOPICAL TERM |
| Topical term or geographic name as entry element |
Hippolytus (Greek mythology) |
| Form subdivision |
Drama. |
| Source of heading or term |
BUEsh |
| 9 (RLIN) |
30748 |
| 650 #7 - SUBJECT ADDED ENTRY--TOPICAL TERM |
| Topical term or geographic name as entry element |
Heracles (Greek mythology) |
| Form subdivision |
Drama. |
| Source of heading or term |
BUEsh |
| 9 (RLIN) |
30749 |
| 650 #7 - SUBJECT ADDED ENTRY--TOPICAL TERM |
| Topical term or geographic name as entry element |
Pentheus (Greek mythology) |
| Form subdivision |
Drama. |
| Source of heading or term |
BUEsh |
| 9 (RLIN) |
30750 |
| 650 #7 - SUBJECT ADDED ENTRY--TOPICAL TERM |
| Topical term or geographic name as entry element |
Dionysus (Greek deity) |
| Form subdivision |
Drama. |
| Source of heading or term |
BUEsh |
| 9 (RLIN) |
30751 |
| 650 #7 - SUBJECT ADDED ENTRY--TOPICAL TERM |
| Topical term or geographic name as entry element |
Bacchantes |
| Form subdivision |
Drama. |
| Source of heading or term |
BUEsh |
| 9 (RLIN) |
30752 |
| 651 ## - SUBJECT ADDED ENTRY--GEOGRAPHIC NAME |
| Source of heading or term |
BUEsh |
| 653 ## - INDEX TERM--UNCONTROLLED |
| Arrived date list |
July2012 |
| Resource For college |
Humanities: English |
| 655 ## - INDEX TERM--GENRE/FORM |
| Form subdivision |
Reading book |
| 9 (RLIN) |
34232 |
| 700 1# - ADDED ENTRY--PERSONAL NAME |
| Personal name |
Esposito, Stephen Joseph, |
| Relator term |
editor. |
| 9 (RLIN) |
30753 |
| 942 ## - ADDED ENTRY ELEMENTS (KOHA) |
| Source of classification or shelving scheme |
Dewey Decimal Classification |
| Koha item type |
Book - Borrowing |